000 00823pam a2200229 4500
001 2636
005 20181127165414.0
008 880426s1989 ilua b 001 0 eng
010 _a 88009304
020 _a0256036349
100 1 _aRobock, Stefan Hyman,
_d1915-
245 1 0 _aInternational business and multinational enterprises /
_cStefan H. Robock, Kenneth Simmonds.
250 _a4th ed.
260 _aHomewood, IL :
_bIrwin,
_c1989.
300 _axix, 826 p. :
_bill. ;
_c24 cm.
440 4 _aThe Irwin series in management and the behavioral sciences
500 _aCol. map on lining papers.
504 _aIncludes bibliographical references and indexes.
650 0 _aInternational business enterprises
_xCase studies.
650 0 _aInternational business enterprises
_xManagement.
700 1 _aSimmonds, Kenneth.
999 _c2100
_d2100